Представление документа в формате MARC21

Поле Инд. ПП Название Значение
Тип записи a
Библиографический уровень a
001 Контрольный номер bb342004fab140c0af29f1dfe03b818a
005 Дата корректировки 20220224163031.6
040 a Служба первич. каталог. НБ ТвГУ
b Код языка каталог. rus
e Правила каталог. PSBO
041 0_ a Код языка текста rus
097 b Оператор Komarova.ES
100 1_ a Автор Миронов Андрей Михайлович
q Полное имя Миронов А. М.
245 10 a Заглавие Верификация криптографических протоколов
260 a Место издания Тверь
b Издательство Тверской государственный университет
504 a Библиография Библиогр.: с. 234 (3 назв.)
520 0_ a Аннотация В работе излагается новая математическая модель криптографических протоколов, и приводится пример применения этой модели для верификации протоколов аутентификации.
653 0_ a Ключевые слова Криптографический протокол
a Ключевые слова Процессная модель
a Ключевые слова Верификация
a Ключевые слова Аудентификация
a Ключевые слова Безопасность
773 18 w Контрольный № источника f93cd7c2cffb4b90a02951ff508e955d
t Название источника Математические основы информатики и информационно-коммуникационных систем"
d Место и дата издания Тверь : Тверской государственный университет, 2021
g Прочая информация С. 213-234
856 40 u URL http://megapro.tversu.ru/megaPro/UserEntry?Action=FindDocs&ids=5455326
u URL http://texts.lib.tversu.ru/texts/151519t.pdf
x Примечание для ЭОР Справка УИС 2021
x Примечание для ЭОР Реестр суммарного учета сетевых локальных документов
i Дата подключения ЭОР 20211224
901 t Тип документа a
920 a Оператор Кома
954 b Дата поступления в ОК 20211222